Score 0/55 Timer 06:00
0 Plays Today
Hint Answer % Correct
4 Asian countries with elevation points above 28,000 feet (8,534 m)China (29,029 ft)
99%
9 Asian countries with the most Facebook usersIndia (251 million)
98.8%
4 Asian countries with elevation points above 28,000 feet (8,534 m)India (28,169 ft)
98.8%
10 countries that are members of ASEAN (Association of Southeast Asian Nations)Indonesia
97.8%
9 Asian countries with the most Facebook usersIndonesia (130 million)
97.8%
9 Asian countries with the most Facebook usersJapan (71 million)
97.6%
3 Asian countries that have won Little League World Series championshipsJapan (11)
97.4%
10 countries that are members of ASEAN (Association of Southeast Asian Nations)Vietnam
96.9%
9 Asian countries with the most Facebook usersVietnam (50 million)
96.9%
2 countries with the largest Kurdish populationsIran (6 million)
96.6%
10 countries that are members of ASEAN (Association of Southeast Asian Nations)Laos
96.2%
8 Asian countries with the highest birth rates (births per 1,000 population)Laos (24)
96.2%
6 Asian countries with the highest percentage of BuddhistsLaos (66.1%)
96.2%
8 Asian countries with the highest birth rates (births per 1,000 population)Iraq (30)
95.9%
7 Asian countries with the most annual oil exports (in barrels per day)Iraq (3.8 million)
95.9%
4 Asian countries with elevation points above 28,000 feet (8,534 m)Nepal (29,029 ft)
95.4%
1 Asian country with a non-rectangular flagNepal
95.4%
10 countries that are members of ASEAN (Association of Southeast Asian Nations)Thailand
95%
9 Asian countries with the most Facebook usersThailand (46 million)
95%
9 Asian countries with the most Facebook usersSouth Korea (43 million)
95%
6 Asian countries with the highest percentage of BuddhistsThailand (93.2%)
95%
3 Asian countries that have won Little League World Series championshipsSouth Korea (3)
95%
9 Asian countries with the most Facebook usersPakistan (32 million)
94.7%
4 Asian countries with elevation points above 28,000 feet (8,534 m)Pakistan (28,251 ft)
94.7%
10 countries that are members of ASEAN (Association of Southeast Asian Nations)Cambodia
94.5%
7 Asian countries with the most annual oil exports (in barrels per day)Saudi Arabia (8.3 million)
94.5%
6 Asian countries with the highest percentage of BuddhistsCambodia (96.9%)
94.5%
8 Asian countries with the highest birth rates (births per 1,000 population)Afghanistan (38)
93%
Hint Answer % Correct
5 countries that border UzbekistanAfghanistan
93%
10 countries that are members of ASEAN (Association of Southeast Asian Nations)Malaysia
92.5%
7 Asian countries with the most annual oil exports (in barrels per day)Russia (5.2 million)
92.5%
10 countries that are members of ASEAN (Association of Southeast Asian Nations)Singapore
91.8%
5 countries that border UzbekistanTurkmenistan
91.8%
10 countries that are members of ASEAN (Association of Southeast Asian Nations)Myanmar
91.6%
7 Asian countries with the most annual oil exports (in barrels per day)Kazakhstan (1.3 million)
91.6%
6 Asian countries with the highest percentage of BuddhistsMyanmar (87.9%)
91.6%
5 countries that border UzbekistanKazakhstan
91.6%
8 Asian countries with the highest birth rates (births per 1,000 population)Yemen (28)
90.6%
7 Asian countries with the most annual oil exports (in barrels per day)United Arab Emirates (2.3 million)
90.6%
2 countries with the largest Kurdish populationsTurkey (12 million)
90.4%
10 countries that are members of ASEAN (Association of Southeast Asian Nations)Philippines
89.9%
9 Asian countries with the most Facebook usersPhilippines (62 million)
89.9%
8 Asian countries with the highest birth rates (births per 1,000 population)Philippines (24)
89.9%
8 Asian countries with the highest birth rates (births per 1,000 population)Oman (24)
89.2%
6 Asian countries with the highest percentage of BuddhistsBhutan (74.7%)
88.7%
5 countries that border UzbekistanTajikistan
88.7%
3 Asian countries that have won Little League World Series championshipsTaiwan (17)
88%
9 Asian countries with the most Facebook usersBangladesh (28 million)
87.7%
7 Asian countries with the most annual oil exports (in barrels per day)Kuwait (2.1 million)
86.3%
7 Asian countries with the most annual oil exports (in barrels per day)Qatar (1.5 million)
85.1%
5 countries that border UzbekistanKyrgyzstan
85.1%
10 countries that are members of ASEAN (Association of Southeast Asian Nations)Brunei
84.4%
8 Asian countries with the highest birth rates (births per 1,000 population)Jordan (24)
82.7%
6 Asian countries with the highest percentage of BuddhistsSri Lanka (69.3%)
81.5%
8 Asian countries with the highest birth rates (births per 1,000 population)Timor Leste (33)
70.2%
Remove Ads.
Support Sporcle.
Get the best of Sporcle when you Go Orange. This ad-free experience offers more features, more stats, and more fun while also helping to support Sporcle. Thank you for becoming a member.

You're not logged in!

Compare scores with friends on all Sporcle quizzes.
OR
Log In

Show Comments

Extras

Top Quizzes Today


Score Distribution

Your Account Isn't Verified!

In order to create a playlist on Sporcle, you need to verify the email address you used during registration. Go to your Sporcle Settings to finish the process.

Report this User

Report this user for behavior that violates our Community Guidelines.

Details: